Name that Plane! - Statistics

General Stats
  • This quiz has been taken 31 times
  • The average score is 2 of 16
Answer Stats
Picture Answer % Correct
F-22 Raptor
88%
J-20 Mighty Dragon
40%
Yak-38
28%
F-5E Tiger II
24%
He 162 Volksjäger
24%
EMB 314 Super Tucano
8%
Handley Page O/400
8%
B-25G Mitchell
4%
G.91R/3
4%
Ki-61 Hien
4%
Mirage F1CR
4%
Re.2000 Falco I
4%
SAAB-105ÖE
4%
AEG D.I
0%
Avro 504B
0%
Fokker M.7
0%
No matching quizzes found
Score Distribution
Percent of People with Each Score
Percentile by Number Answered
Your Score History
You have not taken this quiz